Normal view
MARC view
Entry Topical Term
001 - CONTROL NUMBER
- control field: 16968
003 - CONTROL NUMBER IDENTIFIER
- control field: BD-RjUL
005 - DATE AND TIME OF LATEST TRANSACTION
- control field: 20250928103932.0
008 - FIXED-LENGTH DATA ELEMENTS
- fixed length control field: 250928|| aca||aabn | a|a d
040 ## - CATALOGING SOURCE
- Original cataloging agency: BD-RjUL
- Transcribing agency: BD-RjUL
150 ## - HEADING--TOPICAL TERM
- Topical term or geographic name entry element: Government business enterprises
- Geographic subdivision: South Asia
670 ## - SOURCE DATA FOUND
- Source citation: Work cat.: (BD-RjUL)85752: Ahmad, Muzaffer. 16966, State and development :, 1987.